| 000 | 00406nam a22001457a 4500 | ||
|---|---|---|---|
| 003 | OSt | ||
| 005 | 20240213105819.0 | ||
| 008 | 240213b |||||||| |||| 00| 0 eng d | ||
| 020 | _a9788110115006 | ||
| 040 | _c | ||
| 082 |
_a658.4083/VAI _bVAI |
||
| 245 |
_aEnvironmental Management _cJadhav,Sandhya _hEnglish |
||
| 260 |
_bNirali Prakashan _c2023 |
||
| 942 |
_2ddc _cBK _h658.4083/VAI _n0 |
||
| 999 |
_c36043 _d36043 |
||